[Event "ch-Euro Blitz"]
[Site "Ajaccio FRA"]
[Date "2007.10.25"]
[Round "19"]
[White "Mchedlishvili, M."]
[Black "Landa, K."]
[Result "1-0"]
[WhiteElo "2631"]
[BlackElo "2678"]
[PlyCount "64"]
[EventDate "2007.10.25"]
[Source "www.chesslib.no"]
[SourceDate "2004.05.04"]

1. c4 c5 2. g3 Nc6 3. Bg2 g6 4. Nc3 Bg7 5. a3 d6 6. Rb1 a5 7. e3 Nh6 8. Nge2 Nf5 9. d3 O-O 10. O-O Bd7 11. b3 Rb8 12. Bb2 Na7 13. d4 cxd4 14. Nxd4 Nxd4 15. exd4 b5 16. c5 b4 17. axb4 Rxb4 18. Nd5 Rb5 19. Re1 e6 20. Nc3 Rb8 21. cxd6 Qb6 22. d5 Qxd6 23. Ne4 Qb6 24. Bxg7 Kxg7 25. Qd2 exd5 26. Qxd5 Be6 27. Qe5+ f6 28. Qf4 Bxb3 29. Nd6 Nc8 30. Nc4 Qb4 31. Nxa5 Qxf4 32. gxf4 Rb4 1-0

[Event "Antalya"]
[Site "?"]
[Date "2004.??.??"]
[Round "?"]
[White "Gurevich, M."]
[Black "Kempinski, R."]
[Result "1/2-1/2"]
[WhiteElo "2670"]
[BlackElo "2585"]
[PlyCount "34"]
[EventDate "2004.??.??"]
[Source "Chess Informant"]
[SourceDate "2004.02.01"]

1. c4 g6 2. Nc3 Bg7 3. g3 c5 4. Bg2 Nc6 5. a3 Nf6 6. Rb1 a5 7. d3 O-O 8. Nh3 d6 9. Nf4 e6 10. e3 Ne8 11. O-O Nc7 12. Qd2 Bd7 13. b3 Rb8 14. a4 Nb4 15. Bb2 Bc6 16. Na2 Bxg2 17. Kxg2 Nxa2 1/2-1/2

[Event "Bugojno"]
[Site "?"]
[Date "1999.??.??"]
[Round "?"]
[White "Gurevich, M."]
[Black "Filippov, Va"]
[Result "1-0"]
[WhiteElo "2640"]
[BlackElo "2605"]
[PlyCount "101"]
[EventDate "1999.??.??"]
[Source "Chess Informant"]
[SourceDate "1999.10.01"]

1. c4 c5 2. Nc3 Nc6 3. g3 g6 4. Bg2 Bg7 5. a3 e6 6. e4 Nge7 7. Nge2 O-O 8. d3 a6 9. Be3 d6 10. Rb1 b5 11. cxb5 axb5 12. b4 Nd4 13. e5 Rxa3 14. Bxd4 cxd4 15. Nxb5 Ra2 16. Qb3 Rxe2+ 17. Kxe2 dxe5 18. Rhc1 Nd5 19. Kf1 Bd7 20. Nd6 Nc3 21. Ra1 Qe7 22. Ne4 Bb5 23. Nxc3 dxc3 24. Rxc3 e4 25. Bxe4 f5 26. Bf3 f4 27. g4 Qd7 28. Kg2 Bxc3 29. Qxc3 Qxd3 30. Qe5 Qc4 31. Re1 Re8 32. Qd6 Kg7 33. g5 h6 34. h4 Kh7 35. Be4 f3+ 36. Kg3 Qc3 37. Re3 Qc1 38. Bxg6+ Kxg6 39. Rxe6+ Rxe6 40. Qxe6+ Kg7 41. Qxh6+ Kg8 42. Qg6+ Kh8 43. Qf6+ Kg8 44. Qe6+ Kg7 45. Qe5+ Kg6 46. Qxb5 Qg1+ 47. Kxf3 Qh1+ 48. Ke3 Qc1+ 49. Ke4 Qh1+ 50. Ke5 Qe1+ 51. Kd6 1-0

[Event "It"]
[Site "It"]
[Date "1978.??.??"]
[Round "?"]
[White "Hort, Vlastimil"]
[Black "Tal, Mikhail N"]
[Result "1/2-1/2"]
[WhiteElo "2620"]
[BlackElo "2625"]
[PlyCount "25"]
[EventDate "1978.??.??"]
[Source "www.chesslib.no"]
[SourceDate "2004.05.04"]

1. c4 c5 2. Nc3 g6 3. g3 Bg7 4. Bg2 Nc6 5. e3 e6 6. Nge2 Nge7 7. O-O O-O 8. d4 cxd4 9. Nxd4 d5 10. cxd5 Bd7 11. Nc2 Qc8 12. Qe2 Nxd5 13. Na3 1/2-1/2

[Event "XXIV ECC"]
[Site "Kallithea GRE"]
[Date "2008.10.22"]
[Round "6"]
[White "Timofeev, Arty"]
[Black "Yemelin, V."]
[Result "1-0"]
[WhiteElo "2670"]
[BlackElo "2573"]
[PlyCount "83"]
[EventDate "2008.10.17"]
[Source "www.chesslib.no"]
[SourceDate "2004.05.04"]

1. g3 c5 2. Bg2 Nc6 3. c4 g6 4. Nc3 Bg7 5. a3 e6 6. e4 Nge7 7. Nge2 O-O 8. O-O b6 9. Rb1 Bb7 10. b4 d6 11. d3 Qd7 12. Be3 Nd4 13. Qd2 Rfe8 14. Bh6 Bh8 15. Nxd4 cxd4 16. Ne2 f5 17. Nf4 e5 18. Nh3 Bg7 19. Bxg7 Kxg7 20. exf5 Bxg2 21. f6+ Kxf6 22. Kxg2 Kg7 23. Ng5 Rf8 24. Rbe1 h6 25. Ne4 Rf5 26. Kg1 d5 27. g4 Rf7 28. Ng3 dxc4 29. dxc4 Qxg4 30. Rxe5 Rd8 31. f3 Qh3 32. Re4 Nf5 33. Nxf5+ Rxf5 34. Rxd4 Rdf8 35. Rf2 Rxf3 36. Rd7+ R3f7 37. Qd4+ Kg8 38. Rfxf7 Rxf7 39. Rd8+ Rf8 40. Qd5+ Kg7 41. Rd7+ Kf6 42. Rd6+ 1-0

[Event "Deutschland"]
[Site "?"]
[Date "2000.??.??"]
[Round "?"]
[White "Onischuk, Al"]
[Black "Hracek, Z."]
[Result "1-0"]
[WhiteElo "2625"]
[BlackElo "2610"]
[PlyCount "69"]
[EventDate "2000.??.??"]
[Source "Chess Informant"]
[SourceDate "2000.10.01"]

1. c4 c5 2. Nc3 g6 3. g3 Bg7 4. Bg2 Nc6 5. a3 d6 6. Rb1 a5 7. e3 Bf5 8. d3 e5 9. Nge2 Nge7 10. Nb5 O-O 11. Nec3 Qd7 12. Ne4 Nc8 13. h3 h6 14. g4 Be6 15. g5 h5 16. b3 Qd8 17. Bb2 N6a7 18. Nbc3 Rb8 19. f4 exf4 20. Nf6+ Bxf6 21. gxf6 Qxf6 22. O-O Qd8 23. Qf3 Qh4 24. Nd5 Bxd5 25. Qxd5 Qe7 26. exf4 Nb6 27. Qf3 Nc6 28. f5 Nd4 29. Bxd4 cxd4 30. Rbe1 Qf6 31. fxg6 Qxg6 32. Qf4 Nd7 33. Kh2 Nc5 34. Be4 Ne6 35. Qxd6 1-0

[Event "XX Carlos Torre Wimbledon"]
[Site "Merida MEX"]
[Date "2007.12.19"]
[Round "1.4"]
[White "Nogueiras Santiago, J."]
[Black "Dominguez Perez, L."]
[Result "1-0"]
[WhiteElo "2549"]
[BlackElo "2683"]
[PlyCount "93"]
[EventDate "2007.12.19"]
[Source "www.chesslib.no"]
[SourceDate "2004.05.04"]

1. c4 c5 2. g3 Nc6 3. Bg2 g6 4. Nc3 Bg7 5. d3 d6 6. e4 Nf6 7. Nge2 O-O 8. O-O Ne8 9. a3 Nc7 10. Rb1 a5 11. Be3 Nd4 12. b4 axb4 13. axb4 b6 14. Qd2 Bg4 15. f3 Bd7 16. Bf2 Nce6 17. f4 Ra3 18. Kh1 Bc6 19. bxc5 bxc5 20. Nd5 Nxe2 21. Qxe2 Nd4 22. Bxd4 Bxd4 23. e5 Bxd5 24. cxd5 Qc7 25. e6 f5 26. g4 Kh8 27. gxf5 gxf5 28. Qh5 Qc8 29. Rf3 Qe8 30. Qg5 Ra1 31. Rxa1 Bxa1 32. Rh3 Rf6 33. Bf3 Qg8 34. Bh5 Qxg5 35. fxg5 Rf8 36. Bf7 Kg7 37. Rf3 Be5 38. Rxf5 h6 39. h4 hxg5 40. Rxg5+ Kf6 41. Kg2 Ra8 42. Bg6 Ra2+ 43. Kf3 Ra1 44. Be4 Bd4 45. Rf5+ Kg6 46. Rf7+ Kh5 47. Rh7# 1-0

[Event "TCh-CRO, Pula CRO"]
[Site "?"]
[Date "2001.??.??"]
[Round "8"]
[White "Delchev, A."]
[Black "Tukmakov, V."]
[Result "1-0"]
[WhiteElo "2625"]
[BlackElo "2600"]
[PlyCount "67"]
[EventDate "2001.??.??"]
[Source "www.chesslib.no"]
[SourceDate "2004.05.04"]

1. c4 c5 2. Nc3 g6 3. g3 Bg7 4. Bg2 Nc6 5. a3 e6 6. b4 Nxb4 7. axb4 cxb4 8. d4 bxc3 9. e3 Ne7 10. Ne2 d5 11. cxd5 Nxd5 12. Ba3 Bd7 13. Qb3 Bc6 14. O-O Qb6 15. Qa2 Bf8 16. Bxf8 Kxf8 17. Rab1 Nb4 18. Qa3 a5 19. Bxc6 bxc6 20. Qxc3 Ke7 21. Nf4 Qb5 22. Rfd1 Rhd8 23. Nd3 Rab8 24. Nc5 Qe2 25. Nb3 Nd5 26. Qc5+ Kf6 27. Qxa5 Kg7 28. Nc5 e5 29. Re1 Qf3 30. Ne6+ fxe6 31. Rxb8 Rxb8 32. Qa7+ Kh6 33. Qxb8 e4 34. Qe5 1-0

[Event "5th YM"]
[Site "Lausanne"]
[Date "2004.09.20"]
[Round "3.4"]
[White "Alekseev, Evgeny"]
[Black "Navara, David"]
[Result "1-0"]
[WhiteElo "2606"]
[BlackElo "2616"]
[PlyCount "175"]
[EventDate "2004.09.15"]
[Source "Roberto Alvarez"]
[SourceDate "2004.09.21"]

1. c4 g6 2. g3 Bg7 3. Bg2 c5 4. Nc3 Nc6 5. d3 e6 6. Nh3 Nge7 7. Nf4 b6 8. Qd2 Bb7 9. b3 d6 10. Bb2 Qd7 11. Ne4 e5 12. Nd5 Nxd5 13. cxd5 Ne7 14. Nc3 f5 15. O-O O-O 16. f4 Rae8 17. e4 Kh8 18. Kh1 fxe4 19. dxe4 Ng8 20. Rae1 Bc8 21. Nd1 Ba6 22. Rf2 exf4 23. gxf4 Nf6 24. Nc3 Nh5 25. Qe3 Bd4 26. Nd1 Qg7 27. Bxd4 Qxd4 28. f5 Qxe3 29. Nxe3 Bd3 30. Kg1 Bxe4 31. Nc4 Bxf5 32. Rxe8 Rxe8 33. Nxd6 Re1+ 34. Bf1 Bh3 35. Nb5 Kg7 36. Rf3 Bg4 37. Rf2 Nf6 38. d6 Ne4 39. Rf4 Bh3 40. Rf3 Bd7 41. Nxa7 Nd2 42. Rf2 Bh3 43. d7 Nxf1 44. Rf7+ Kxf7 45. d8=Q Re2 46. Qh4 Rxh2 47. Nc6 g5 48. Qxh7+ Ke6 49. Qg6+ Kd5 50. Ne7+ Kd4 51. Qf6+ Kd3 52. Nd5 Rxa2 53. Qf3+ Kd4 54. Qxh3 Kxd5 55. Qxf1 Kd4 56. Qc4+ Ke3 57. b4 Ra1+ 58. Kg2 cxb4 59. Qxb4 Rd1 60. Qxb6+ Rd4 61. Kg3 Kd3 62. Qg6+ Ke3 63. Qxg5+ Kd3 64. Qf5+ Ke3 65. Qc5 Ke4 66. Qc6+ Ke3 67. Qe6+ Re4 68. Qb3+ Kd4 69. Kf3 Re5 70. Qb2+ Kd5 71. Kf4 Re6 72. Kf5 Rc6 73. Qd2+ Kc5 74. Ke5 Kc4 75. Qc2+ Kb5 76. Qb3+ Kc5 77. Qc3+ Kb5 78. Qb3+ Kc5 79. Qd5+ Kb6 80. Kd4 Kc7 81. Qf7+ Kb6 82. Qd7 Rc7 83. Qe6+ Rc6 84. Qb3+ Ka6 85. Kd5 Rc8 86. Qa4+ Kb6 87. Qb4+ Ka6 88. Qc3 1-0

[Event "Mind Sports Games - Blitz Ind"]
[Site "Pechino CINA"]
[Date "2008.10.04"]
[Round "9"]
[White "Gurevich, M1."]
[Black "Banikas, H."]
[Result "1-0"]
[WhiteElo "2634"]
[BlackElo "2572"]
[PlyCount "105"]
[EventDate "2008.10.04"]
[Source "www.chesslib.no"]
[SourceDate "2004.05.04"]

1. c4 c5 2. g3 g6 3. Bg2 Bg7 4. Nc3 Nc6 5. a3 d6 6. Rb1 a5 7. e3 e6 8. Nge2 Nge7 9. d4 cxd4 10. Nxd4 Nxd4 11. exd4 d5 12. cxd5 Nxd5 13. O-O O-O 14. Nxd5 exd5 15. Be3 Be6 16. Rc1 Qb6 17. Qd2 Rfc8 18. Rfd1 Qb3 19. Bf3 b6 20. Kg2 h5 21. h4 Kh7 22. Rc3 Rxc3 23. Qxc3 Qb5 24. Qd3 Qxd3 25. Rxd3 a4 26. Rc3 Ra5 27. Be2 Bf8 28. Rc6 b5 29. Rb6 b4 30. axb4 Ra8 31. b5 a3 32. bxa3 Rxa3 33. Rb8 Bg7 34. b6 Rb3 35. Ba6 Bd7 36. b7 Bb5 37. Ra8 Bxa6 38. b8=Q Rxb8 39. Rxb8 Bd3 40. Rd8 Bf5 41. f3 Be6 42. Kf2 Bf6 43. Ra8 Be7 44. Bf4 Kg7 45. Ra7 Bf6 46. Be5 Bxe5 47. dxe5 g5 48. hxg5 Kg6 49. f4 Kf5 50. Kf3 d4 51. Ra5 Bb3 52. e6+ Kxe6 53. Ke4 1-0

[Event "Haninge SWE"]
[Site "Haninge SWE"]
[Date "1990.??.??"]
[Round "4"]
[White "Seirawan, Yasser"]
[Black "Sax, Gyula"]
[Result "1-0"]
[WhiteElo "2595"]
[BlackElo "2605"]
[PlyCount "47"]
[EventDate "1990.??.??"]
[Source "www.chesslib.no"]
[SourceDate "2004.05.04"]

1. c4 c5 2. g3 g6 3. Bg2 Bg7 4. Nc3 Nc6 5. a3 b6 6. b4 cxb4 7. axb4 Bb7 8. Rb1 Qc8 9. Nd5 e6 10. Ne3 Ne5 11. Bb2 Bxg2 12. Nxg2 Qc6 13. Bxe5 Bxe5 14. Nf3 Bg7 15. Ne3 Ne7 16. b5 Qc7 17. O-O O-O 18. Rb4 a5 19. Ra4 Nc6 20. Nd4 Nxd4 21. Nc2 d5 22. cxd5 h6 23. Kg2 g5 24. f4 1-0

[Event "DSV-Turnier"]
[Site "Halle"]
[Date "1974.??.??"]
[Round "?"]
[White "Uhlmann, Wolfgang"]
[Black "Tal, Mihail"]
[Result "1/2-1/2"]
[WhiteElo "2550"]
[BlackElo "2635"]
[PlyCount "34"]
[EventDate "1974.??.??"]
[Source "ChessBase"]

1. c4 g6 2. Nc3 c5 3. g3 Bg7 4. Bg2 Nc6 5. e3 e6 6. Nge2 Nge7 7. d4 cxd4 8. exd4 d5 9. cxd5 Nxd5 10. Nxd5 exd5 11. O-O O-O 12. Be3 Bg4 13. Re1 Qb6 14. Bxd5 Rad8 15. Qb3 Qxb3 16. Bxb3 Bxe2 17. Rxe2 Nxd4 1/2-1/2

[Event "5th IECC"]
[Site "Antalya"]
[Date "2004.05.25"]
[Round "10"]
[White "Hulak, Krunoslav"]
[Black "Macieja, Bartlomiej"]
[Result "0-1"]
[WhiteElo "2550"]
[BlackElo "2633"]
[PlyCount "69"]
[EventDate "2004.05.15"]
[Source "Roberto Alvarez"]
[SourceDate "2004.05.31"]

1. c4 c5 2. g3 g6 3. Bg2 Bg7 4. Nc3 Nc6 5. a3 a6 6. e3 Nh6 7. h4 Rb8 8. a4 d6 9. d3 Ng4 10. h5 O-O 11. Rh4 Nb4 12. Nd5 Nxd5 13. cxd5 Ne5 14. f4 Nd7 15. Nf3 b5 16. axb5 Rxb5 17. hxg6 hxg6 18. Qc2 Qb6 19. Ra2 Ra5 20. Rxa5 Qxa5+ 21. Kf2 Nb6 22. Ng5 Qa2 23. Kg1 f6 24. Nh7 Rf7 25. e4 Bh8 26. f5 Rxh7 27. fxg6 Rxh4 28. gxh4 Bg4 29. Bf1 Bg7 30. Be2 Bxe2 31. Qxe2 Qb1 32. Qf1 Nd7 33. h5 Ne5 34. h6 Nxd3 35. h7+ 0-1

[Event "RUS"]
[Site "?"]
[Date "2006.04.27"]
[Round "8"]
[White "Grigoriants Sergey"]
[Black "Smirnov Pavel"]
[Result "1/2-1/2"]
[WhiteElo "2568"]
[BlackElo "2614"]
[PlyCount "59"]
[EventDate "2006.??.??"]
[Source "www.chesslib.no"]
[SourceDate "2004.05.04"]

1. c4 c5 2. Nc3 Nc6 3. g3 g6 4. Bg2 Bg7 5. d3 d6 6. a3 Nf6 7. Rb1 a5 8. e4 O-O 9. Nge2 Ne8 10. Be3 Nd4 11. O-O a4 12. Bxd4 cxd4 13. Nxa4 Bd7 14. b3 Ra6 15. Qd2 Nc7 16. c5 Bxa4 17. bxa4 dxc5 18. Rxb7 Rxa4 19. Qc2 Ra5 20. Rfb1 e5 21. Bh3 Ne8 22. Rb8 Qf6 23. R8b6 Nd6 24. Rc6 Qe7 25. Rxc5 Rxa3 26. Rc7 Ra2 27. Qxa2 Qxc7 28. Rc1 Qb7 29. Qa3 Rd8 30. Qa5 1/2-1/2

[Event "Cap d'Agde-A"]
[Site "Cap d'Agde"]
[Date "2000.??.??"]
[Round "6"]
[White "Tkachiev, Vladislav"]
[Black "Zhang Pengxiang"]
[Result "1-0"]
[WhiteElo "2657"]
[BlackElo "2525"]
[PlyCount "145"]
[EventDate "2000.10.29"]
[Source "ChessBase"]
[SourceDate "2001.01.25"]

1. c4 c5 2. g3 Nc6 3. Bg2 g6 4. Nc3 Bg7 5. a3 e6 6. Rb1 Nge7 7. b4 cxb4 8. axb4 O-O 9. c5 Rb8 10. b5 Na5 11. d4 d6 12. cxd6 Nf5 13. Nf3 b6 14. O-O Bb7 15. Bg5 Qd7 16. e4 Nxd6 17. Ne5 Qe8 18. Bf4 Rc8 19. Qd3 Qe7 20. Nf3 Rfd8 21. e5 Ndc4 22. Ne4 Qa3 23. Qe2 Bxe4 24. Qxe4 Rd5 25. Rfc1 Qf8 26. Qd3 Qd8 27. Rc3 a6 28. bxa6 b5 29. Qe2 Ra8 30. Ng5 Rxa6 31. Bxd5 Qxd5 32. Ne4 Rb6 33. Nd6 Nxd6 34. exd6 Bxd4 35. Rc8+ Kg7 36. Qd2 h5 37. d7 Nb7 38. d8=Q Nxd8 39. Rxd8 Qxd8 40. Be5+ f6 41. Qxd4 Qxd4 42. Bxd4 Rb7 43. f4 Kf7 44. Kf2 g5 45. fxg5 fxg5 46. Ke3 Kg6 47. Ke4 g4 48. Ke5 h4 49. Kxe6 b4 50. Rb3 Rb5 51. Be3 Rb8 52. Kd5 h3 53. Ke4 Kh5 54. Bd2 Rf8 55. Bf4 Rc8 56. Kd3 Rd8+ 57. Ke2 Re8+ 58. Be3 Rb8 59. Bd2 Re8+ 60. Re3 Rb8 61. Rb3 Re8+ 62. Kf1 Rf8+ 63. Bf4 Ra8 64. Rxb4 Ra1+ 65. Kf2 Ra2+ 66. Ke3 Kg6 67. Rb6+ Kf5 68. Rb5+ Ke6 69. Rg5 Rxh2 70. Rxg4 Ra2 71. Rh4 h2 72. Kf3 Kf6 73. Be3 1-0

[Event "Zagreb CRO"]
[Site "Zagreb CRO"]
[Date "1985.??.??"]
[Round "9"]
[White "Ribli, Zoltan"]
[Black "Sax, Gyula"]
[Result "1/2-1/2"]
[WhiteElo "2615"]
[BlackElo "2565"]
[PlyCount "32"]
[EventDate "1985.??.??"]
[Source "www.chesslib.no"]
[SourceDate "2004.05.04"]

1. g3 c5 2. Bg2 g6 3. c4 Nc6 4. Nc3 Bg7 5. e3 e6 6. Nge2 Nge7 7. O-O O-O 8. d4 cxd4 9. Nxd4 d5 10. cxd5 Nxd4 11. exd4 Nxd5 12. Nxd5 exd5 13. Be3 Be6 14. Qd2 Qd7 15. Rac1 Rfc8 16. h4 h5 1/2-1/2

[Event "Neuchatel"]
[Site "?"]
[Date "1996.??.??"]
[Round "?"]
[White "Gurevich, M."]
[Black "Ftacnik, L."]
[Result "1/2-1/2"]
[WhiteElo "2590"]
[BlackElo "2585"]
[PlyCount "84"]
[EventDate "1996.??.??"]
[Source "ChessBase"]
[SourceDate "1996.02.01"]

1. c4 c5 2. g3 g6 3. Bg2 Bg7 4. Nc3 Nc6 5. d3 d6 6. Rb1 e6 7. Nh3 Nge7 8. Nf4 b6 9. Bd2 Bb7 10. a3 Qd7 11. Qa4 O-O 12. b4 Rfd8 13. O-O Qc8 14. Rfc1 Nd4 15. Bxb7 Qxb7 16. Qd1 Nec6 17. Qf1 Ne5 18. Qg2 Qe7 19. Kh1 Rab8 20. Nh3 h6 21. g4 Qb7 22. Qxb7 Rxb7 23. f3 Ndxf3 24. exf3 Nxd3 25. Rd1 Ne5 26. bxc5 dxc5 27. Bf4 Rxd1+ 28. Rxd1 Nxc4 29. Rd8+ Kh7 30. Ne4 g5 31. Bc1 f5 32. Nd6 Nxd6 33. Rxd6 fxg4 34. fxg4 b5 35. Nf2 b4 36. Nd3 b3 37. Nxc5 b2 38. Bxb2 Rxb2 39. Rxe6 Bd4 40. Ne4 Rb1+ 41. Kg2 Rb2+ 42. Kh1 Rb1+ 1/2-1/2

[Event "Groningen"]
[Site "Groningen"]
[Date "1994.??.??"]
[Round "9"]
[White "Hodgson, Julian M"]
[Black "Gulko, Boris F"]
[Result "1-0"]
[WhiteElo "2580"]
[BlackElo "2590"]
[PlyCount "59"]
[EventDate "1994.12.??"]
[Source "ChessBase"]

1. c4 c5 2. g3 g6 3. Bg2 Bg7 4. Nc3 Nc6 5. a3 e6 6. b4 Nxb4 7. axb4 cxb4 8. Nb5 Bxa1 9. Qa4 Be5 10. Nf3 Bb8 11. Bb2 f6 12. h4 a5 13. h5 gxh5 14. Rxh5 Qe7 15. Ng5 Ra6 16. Ne4 e5 17. c5 Kf8 18. Nbd6 Bxd6 19. Nxd6 Rxd6 20. cxd6 Qxd6 21. d4 exd4 22. Rd5 Qc7 23. Rxa5 Ne7 24. Qxb4 d6 25. Rb5 Kg7 26. Qxd4 Rf8 27. g4 Qd7 28. Rh5 Kg8 29. g5 Qg4 30. gxf6 1-0

[Event "Deutschland"]
[Site "?"]
[Date "2004.??.??"]
[Round "?"]
[White "Hickl, J."]
[Black "Dautov, R."]
[Result "1/2-1/2"]
[WhiteElo "2550"]
[BlackElo "2615"]
[PlyCount "110"]
[EventDate "2004.??.??"]
[Source "Chess Informant"]
[SourceDate "2004.02.01"]

1. g3 c5 2. Bg2 Nc6 3. c4 g6 4. Nc3 Bg7 5. a3 e6 6. Rb1 a5 7. d3 Nge7 8. h4 h6 9. Bd2 d5 10. Qc1 b6 11. Nf3 d4 12. Na4 Bd7 13. b3 Ra6 14. O-O Nf5 15. Bh3 Qe7 16. Re1 h5 17. Bg5 f6 18. Bd2 O-O 19. Bg2 Kh7 20. e4 dxe3 21. Bxe3 Nxe3 22. Qxe3 Bh6 23. Qe2 Qd8 24. Nc3 Ra8 25. Nb5 e5 26. Qe4 Rc8 27. Nd6 Rc7 28. Nb5 Rc8 29. Nd6 Rb8 30. Rbd1 Qe7 31. Nb5 Rbd8 32. Kh2 Be8 33. Qe2 Qf7 34. Nc3 Ne7 35. Qb2 Nc6 36. Nd5 Qa7 37. b4 cxb4 38. axb4 Nxb4 39. Nxb4 axb4 40. Qxb4 Rf7 41. d4 Bf8 42. Qb2 Ba3 43. Qa2 Bb4 44. Qxa7 Rxa7 45. dxe5 Rxd1 46. Rxd1 fxe5 47. Nxe5 Bc3 48. Nf3 b5 49. Ng5+ Kg7 50. Ne4 b4 51. Nxc3 bxc3 52. Rc1 Ra3 53. c5 Ba4 54. c6 c2 55. Be4 Rc3 1/2-1/2

[Event "San Francisco"]
[Site "San Francisco"]
[Date "1991.??.??"]
[Round "10"]
[White "Tal, Mihail"]
[Black "Ftacnik, Lubomir"]
[Result "1/2-1/2"]
[WhiteElo "2570"]
[BlackElo "2590"]
[PlyCount "29"]
[EventDate "1991.03.??"]
[Source "ChessBase"]

1. c4 c5 2. g3 g6 3. Bg2 Bg7 4. Nc3 Nc6 5. a3 Rb8 6. e3 a6 7. Rb1 b5 8. cxb5 axb5 9. b4 cxb4 10. axb4 Nf6 11. Qb3 O-O 12. Nge2 e6 13. d4 d5 14. Nf4 Ne8 15. O-O 1/2-1/2

[Event "Yerevan ARM"]
[Site "?"]
[Date "1996.09.25"]
[Round "9"]
[White "Hickl Joerg GER"]
[Black "Djuric Stefan YUG"]
[Result "1/2-1/2"]
[WhiteElo "2600"]
[BlackElo "2560"]
[PlyCount "84"]
[EventDate "1996.??.??"]
[Source "www.chesslib.no"]
[SourceDate "2004.05.04"]

1. g3 c5 2. Bg2 Nc6 3. c4 g6 4. Nc3 Bg7 5. a3 d6 6. Rb1 a5 7. d3 e6 8. e4 Nge7 9. Nge2 O-O 10. O-O h6 11. Be3 Nd4 12. f4 Bd7 13. Bf2 a4 14. Kh1 Bc6 15. Qd2 Nb3 16. Qe1 d5 17. cxd5 exd5 18. e5 d4 19. Ne4 Qd7 20. Nc1 Nxc1 21. Rxc1 b6 22. Qd2 Ra5 23. Rg1 h5 24. Rce1 Rb5 25. h3 Rb3 26. Kh2 Nd5 27. Qc2 h4 28. Nd2 hxg3+ 29. Bxg3 Ne3 30. Rxe3 Bxg2 31. Rxg2 dxe3 32. Nxb3 axb3 33. Qxb3 Rd8 34. Qxb6 Qxd3 35. e6 e2 36. f5 e1=Q 37. exf7+ Kh8 38. Bxe1 Be5+ 39. Kg1 Qe3+ 40. Kf1 Qf3+ 41. Kg1 Qe3+ 42. Kf1 Qf3+ 1/2-1/2

[Event "6th Gibtelecom Masters"]
[Site "Gibraltar ENG"]
[Date "2008.01.30"]
[Round "9"]
[White "Gurevich, M."]
[Black "Felgaer, R."]
[Result "1-0"]
[WhiteElo "2607"]
[BlackElo "2539"]
[PlyCount "56"]
[EventDate "2008.01.22"]
[Source "www.chesslib.no"]
[SourceDate "2004.05.04"]

1. c4 c5 2. g3 Nc6 3. Bg2 g6 4. Nc3 Bg7 5. d3 b6 6. e3 Ba6 7. a3 e6 8. Nge2 Nge7 9. b4 Bb7 10. Rb1 Rb8 11. O-O O-O 12. d4 d6 13. Qd3 Nf5 14. b5 Na5 15. d5 Ne7 16. e4 exd5 17. cxd5 Qc7 18. Be3 Rbe8 19. g4 h6 20. g5 hxg5 21. Bxg5 Bc8 22. Kh1 c4 23. Qg3 Nb3 24. Rbd1 f5 25. Bf4 Rd8 26. h4 Nc5 27. h5 Nd3 28. Bg5 Rde8 1-0

[Event "CRO-Cup"]
[Site "?"]
[Date "2000.??.??"]
[Round "2"]
[White "Kozul Zdenko"]
[Black "Lalic Bogdan"]
[Result "1/2-1/2"]
[WhiteElo "2597"]
[BlackElo "2548"]
[PlyCount "35"]
[EventDate "2000.??.??"]
[Source "www.chesslib.no"]
[SourceDate "2004.05.04"]

1. g3 c5 2. Bg2 g6 3. c4 Bg7 4. Nc3 Nc6 5. a3 e6 6. b4 Nxb4 7. axb4 cxb4 8. d4 bxc3 9. e3 Ne7 10. Ne2 O-O 11. Nxc3 e5 12. O-O exd4 13. exd4 Nf5 14. Ne4 h6 15. Bb2 d5 16. cxd5 b6 17. d6 Bb7 18. Nf6+ 1/2-1/2

[Event "Baille Herculane"]
[Site "?"]
[Date "1982.??.??"]
[Round "20"]
[White "Ribli, Zoltan"]
[Black "Sax, Gyula"]
[Result "1/2-1/2"]
[WhiteElo "2590"]
[BlackElo "2550"]
[PlyCount "33"]
[EventDate "1982.??.??"]
[Source "www.chesslib.no"]
[SourceDate "2004.05.04"]

1. c4 g6 2. Nc3 c5 3. g3 Bg7 4. Bg2 Nc6 5. e3 e6 6. Nge2 Nge7 7. d4 cxd4 8. Nxd4 d5 9. cxd5 Nxd4 10. exd4 Nxd5 11. Nxd5 exd5 12. O-O O-O 13. Be3 Be6 14. h4 h5 15. Qd2 Rc8 16. Rac1 Qb6 17. Rc5 1/2-1/2

[Event "AUT-chT 0001"]
[Site "Austria"]
[Date "2001.03.18"]
[Round "11"]
[White "Hickl, Joerg"]
[Black "Stohl, Igor"]
[Result "1/2-1/2"]
[WhiteElo "2582"]
[BlackElo "2554"]
[PlyCount "26"]
[EventDate "2000.10.??"]
[Source "ChessBase"]
[SourceDate "2001.05.06"]

1. g3 c5 2. Bg2 Nc6 3. c4 g6 4. Nc3 Bg7 5. a3 d6 6. Rb1 a5 7. d3 e6 8. Nh3 Nge7 9. Nf4 O-O 10. O-O Rb8 11. Bd2 b6 12. Nb5 Ba6 13. b4 axb4 1/2-1/2

[Event "CRO-chT"]
[Site "?"]
[Date "2000.09.19"]
[Round "2"]
[White "Delchev Aleksander"]
[Black "Stohl Igor"]
[Result "1-0"]
[WhiteElo "2557"]
[BlackElo "2578"]
[PlyCount "47"]
[EventDate "2000.??.??"]
[Source "www.chesslib.no"]
[SourceDate "2004.05.04"]

1. c4 g6 2. g3 Bg7 3. Bg2 c5 4. Nc3 Nc6 5. a3 e6 6. b4 Nxb4 7. axb4 cxb4 8. d4 bxc3 9. e3 Nf6 10. Ba3 d5 11. Ne2 Bd7 12. O-O Rc8 13. cxd5 Nxd5 14. Qb3 Bc6 15. Rfc1 Qb6 16. Qd1 Bf8 17. Bxf8 Kxf8 18. Nxc3 Nb4 19. Ne4 Rd8 20. Qf3 Rg8 21. Qf4 Bxe4 22. Bxe4 Nd5 23. Bxd5 Rxd5 24. Rc7 1-0

[Event "5th IECC"]
[Site "Antalya"]
[Date "2004.05.21"]
[Round "6"]
[White "Istratescu, Andrei"]
[Black "Chatalbashev, Boris"]
[Result "1-0"]
[WhiteElo "2587"]
[BlackElo "2543"]
[PlyCount "83"]
[EventDate "2004.05.15"]
[Source "Roberto Alvarez"]
[SourceDate "2004.05.31"]

1. c4 c5 2. Nc3 g6 3. g3 Bg7 4. Bg2 Nc6 5. d3 e5 6. a3 Nge7 7. Rb1 a5 8. Bg5 f6 9. Bd2 d6 10. e3 O-O 11. Nge2 Be6 12. Nd5 Rb8 13. Nec3 f5 14. O-O g5 15. b4 axb4 16. axb4 cxb4 17. Nxb4 f4 18. Nbd5 Ng6 19. Ne4 h6 20. Qh5 Kh7 21. Bh3 Bxh3 22. Qxh3 f3 23. Rb6 Nge7 24. Rfb1 Nf5 25. Ndf6+ Rxf6 26. Nxf6+ Qxf6 27. Rxc6 bxc6 28. Rxb8 d5 29. cxd5 cxd5 30. Rb1 e4 31. dxe4 dxe4 32. Bc3 Qe6 33. Bxg7 Kxg7 34. Qf1 Ne7 35. Rb7 Kg6 36. Qb1 Nd5 37. h3 Nf6 38. Qb3 Qxb3 39. Rxb3 g4 40. h4 h5 41. Rb5 Kf7 42. Re5 1-0

[Event "Europa ch 2008"]
[Site "Plovdiv BUL"]
[Date "2008.04.25"]
[Round "5.27"]
[White "Markowski, Tomasz"]
[Black "Iotov, Valentin"]
[Result "0-1"]
[WhiteElo "2598"]
[BlackElo "2531"]
[PlyCount "68"]
[EventDate "2008.04.21"]
[Source "www.chesslib.no"]
[SourceDate "2004.05.04"]

1. g3 c5 2. Bg2 Nc6 3. c4 g6 4. Nc3 Bg7 5. Rb1 b6 6. e3 Nh6 7. Nge2 Nf5 8. O-O Bb7 9. d3 O-O 10. b3 d6 11. Bb2 Qd7 12. Qd2 Rae8 13. Nd5 e5 14. a3 Nfe7 15. b4 Nxd5 16. cxd5 Nd8 17. e4 f5 18. bxc5 dxc5 19. a4 Nf7 20. a5 Nd6 21. axb6 axb6 22. Qc2 c4 23. Ba3 cxd3 24. Qxd3 fxe4 25. Qd1 e3 26. Rxb6 exf2+ 27. Kh1 Nc4 28. Bxf8 Rxf8 29. Rb4 Ne3 30. Qb3 Nxf1 31. Rxb7 Nd2 32. Rxd7 Nxb3 33. Bf1 Nd2 34. Kg2 Nc4 0-1

[Event "Golden Cleopatra"]
[Site "?"]
[Date "2003.06.09"]
[Round "8"]
[White "Kosten Anthony C"]
[Black "Kengis Edvins"]
[Result "1/2-1/2"]
[WhiteElo "2545"]
[BlackElo "2581"]
[PlyCount "22"]
[EventDate "2003.??.??"]
[Source "www.chesslib.no"]
[SourceDate "2004.05.04"]

1. g3 g6 2. c4 c5 3. Bg2 Bg7 4. Nc3 Nc6 5. e3 e6 6. Nge2 Nge7 7. d4 cxd4 8. Nxd4 d5 9. cxd5 exd5 10. O-O O-O 11. Qb3 Nxd4 1/2-1/2